000 01013nam a2200277 i 4500
003 EG-ScBUE
005 20240716092925.0
008 100805s1997 ua f 000 0 ara d
017 _a1997 / 14251
020 _a9775514746
040 _aEG-ScBUE
_beng
_erda
_cEG-ScBUE
_dEG-ScBUE
043 _af-ua---
082 0 4 _a962.054
_bح ب ي
_222
100 1 _917138
_aحبيب، طارق،
_eمؤلف.
245 1 0 _aملفات ثورة يوليو :
_bشهادات 122 من صناعها ومعاصريها /
_cطارق حبيب.
250 _aالطبعة الأولى.
264 1 _aالقاهرة :
_bمركز الأهرام للترجمة والنشر،
_c1997.
300 _a503 صفحة ؛
_c24 سم
336 _2rdacontent
_aنص
_btxt
337 _aبدون وسيط
_2rdamedia
_bn
338 _aمجلد
_bnc
_2rdacarrier
541 _a؛ألف باء
_cشراء؛
651 7 _917060
_aمصر
_xتاريخ
_yالعصر الحديث
_yثورة 1952م.
_2BUEsh
655 _vReading book
942 _2ddc
_cBB
999 _c14626
_d14626